01307cam a2200253 450000100060000000300080000600500170001400800410003103500190007204000320009104100110012308200200013410000210015424503160017526000500049130000250054149000300056650001190059650002160071550400600093165000220099183000100101383000300102332279BD-RjUL20211209051818.0140424t1915 mau b 000 0 san d a(BD-RjUL)32368 aDLCcBATdOCLdBD-RjULbeng0 asaneng04a294.2bHEP 191510aHertel, Johannes14aThe Panchatantra :ba collection of ancient Hindu tales in its oldest recension, the Kashmirian, entitled Tantrakhyayika ; the original Sanskrit text, editio minor, reprinted from the critical editio major which was made for the Königliche Gesellschaft der Wissenschaften zu Göttingen /cby Johannes Hertel. aCambridge :bHarvard University Press,c1915. axv, 141 p. ;c27 cm.1 aHarvard oriental series ; a"Printed from type in 1913 at the Oriental Printing Office of G. Kreysing, Leipzig, Saxony, Germany."--t.p. verso. aReprinted from "Tantrākhyāyika. Die älteste fassung des Pañcatantra," Berlin, 1910 (Abhandlungen der Königlichen Gesellschaft der Wissenschaften zu Göttingen. Phil.-hist. Klasse, n.F. Bd. XII, No. 2) a"Hertel's essays and books on the Panchatantra": p. xi.17a Tales -- India.  0vv. 14 0aHarvard oriental series ;